Fausto : poesías completas /

Guardado en:
Autor Principal: Campo, Estanislao Del
Formato: Libro
Publicado: Buenos Aires : Molino, 1943
Series:Colección Literatura Clásica
Materias:
Etiquetas: Agregar Etiqueta
Sin Etiquetas, Sea el primero en etiquetar este registro!
LEADER 00632nam a22002175a 4500
001 CEM.cems001372
005 20110427094902.0
008 130507s1943##################000#0#####d
003 CEMS
082 0 4 |a A861.2 
100 1 |a Campo, Estanislao Del 
245 1 0 |a Fausto :  |b poesías completas /  |c Estanislao Del Campo 
260 |a Buenos Aires :  |b Molino,  |c 1943 
300 |a 190 p. 
490 0 |a Colección Literatura Clásica 
653 |a Literatura 
653 |a Literatura argentina 
653 |a Poesías 
653 |a Poesía gauchesca 
653 |a Poesía argentina 
859 |a CEMS  |b BIB. CEMS - 11 de abril  |h A861.2  |i C157-4  |p 2567.74  |t Ej.1